[Event "ARG-chT"]
[Site "Villa Martelli"]
[Date "2014.10.11"]
[Round "7.3"]
[White "Kiszkiewicz, Ivan"]
[Black "Banfi, Pablo"]
[Result "1-0"]
[WhiteElo "1803"]
[BlackElo "1727"]
[PlyCount "59"]
[EventDate "2014.08.30"]
[EventType "team-tourn"]
[EventRounds "9"]
[EventCountry "ARG"]
[SourceTitle "EXT 2015"]
[Source "ChessBase"]
[SourceDate "2014.11.20"]
[SourceVersion "1"]
[SourceVersionDate "2014.11.20"]
[SourceQuality "1"]
[WhiteTeam "Club Argentino"]
[BlackTeam "Pergamino"]
[WhiteTeamCountry "ARG"]
[BlackTeamCountry "ARG"]

1. d4 d5 2. Nf3 Nf6 3. Bf4 Bf5 4. e3 e6 5. Ne5 Nbd7 6. g4 Bg6 7. h4 h6 8. Nxg6 fxg6 9. Bd3 Bd6 10. Bxg6+ Ke7 11. g5 hxg5 12. Bxg5 Nf8 13. Bd3 Qd7 14. Qg4 Re8 15. Bxf6+ Kxf6 16. Rg1 Rg8 17. Nd2 e5 18. Qg5+ Kf7 19. Bf5 Ne6 20. Bg6+ Kf8 21. Qf5+ Ke7 22. Bxe8 Kxe8 23. dxe5 Be7 24. Nf3 Rf8 25. Qg4 c5 26. Ng5 Bxg5 27. hxg5 Qf7 28. f4 d4 29. 0-0-0 Nd8 30. Kb1 1-0